000 00701cam a2200253 4500500
005 20260405002921.0
041 _afre
042 _adc
100 1 0 _aPortevin, Catherine
_eauthor
245 0 0 _aPendant que j’y pense/Juin 2019
260 _c2019.
500 _a31
690 _aCarte
690 _aCatherine Portevin
690 _aFictions
690 _aGéographie
690 _aGoogle Maps
690 _aInculte
690 _aPiège
690 _aVille
690 _aVirtualité
786 0 _nPhilosophie magazine | 130 | 6 | 2019-06-01 | p. 44-45 | 1951-1787
856 4 1 _uhttps://shs.cairn.info/magazine-philosophie-magazine-2019-6-page-44?lang=fr&redirect-ssocas=7080
999 _c2062475
_d2062475